banner-ar

LITERATURE AND LIFE: BOOK ONE / (Record no. 14991)

MARC details
000 -الفاتح
حقل البيانات ثابتة الطول 00658nam a2200241Ia 4500
008 - عناصر البيانات ثابتة الطول - معلومات عامة
حقل البيانات ثابتة الطول 140319s9999 xx 000 0 eng d
040 ## - مصدر الفهرسة
وكالة الفهرسة الأصلية GCL /
وكالة النسخ GCL
082 04 - رقم تصنيف ديوى العشرى
رقم التصنيف 810.0712
رقم المادة G L
100 1# - المدخل الرئيسى - إسم شخصى
الإسم الشخصى GREENLAW, EDWIN
245 10 - بيان العنوان
العنوان LITERATURE AND LIFE: BOOK ONE /
بيان المسئوليه,etc GREENLAW, EDWIN
700 1# - المدخل الاضافى - اسم شخصى
الإسم الشخصى ELSON, WILLIAM H
700 1# - المدخل الاضافى - اسم شخصى
الإسم الشخصى KECK, CHRISTINE M
260 ## - PUBLICATION, DISTRIBUTION, ETC. (IMPRINT)
تاريخ النشر أو التوزيع 1933
300 ## - الوصف المادى
التعداد 632 P
650 04 - المدخل الاضافى بالموضوع-مصطلح موضوعى
مصطلح موضوعي ENGLISH LITERATURE
650 04 - المدخل الاضافى بالموضوع-مصطلح موضوعى
مصطلح موضوعي LITERATURE
650 04 - المدخل الاضافى بالموضوع-مصطلح موضوعى
مصطلح موضوعي ENGLISH ESSAYS
650 04 - المدخل الاضافى بالموضوع-مصطلح موضوعى
مصطلح موضوعي TEACHING - SECONDARY SCHOOLS
650 04 - المدخل الاضافى بالموضوع-مصطلح موضوعى
مصطلح موضوعي ENGLISH STORIES
650 04 - المدخل الاضافى بالموضوع-مصطلح موضوعى
مصطلح موضوعي ENGLISH DRAMA
942 ## - عناصر المدخل الإضافي( كوها)
مصدر التصنيف او مخطط الترفيف Dewey Decimal Classification
Koha [default] item type كتاب
260 ## - PUBLICATION, DISTRIBUTION, ETC. (IMPRINT)
-- [S.N] :
-- SCOTT, FORESMAN AND COMPANY ،
Holdings
حالة التراجع حالة الفقد حالة تلف ليس للاعارة المكان المؤقت الموقع الحالى تاريخ الاكتساب اجمالي اﻻعارات رقم الطلب الباركود تاريخ اخر مشاهدة تاريخ تفعيل السعر نوع وعاء كوها
        مكتبة القاهرة الكبرى مكتبة القاهرة الكبرى 03/26/2014   810.0712\G L 27992 03/26/2014 03/26/2014 كتاب

Powered By

EGPV